1314 1077 1688 1810 1084 1833 1216 1470 1877 1677 1373 1528 1938 1394 1043 1613 1313 1653 1476 1336 1387 1404 1958 1015 1794 1772 1564 1718 1802 1418 1196 1201 1722 1511 1317 1759 1016 1307 1037 1809 1014 1998 1881 1078 1829 1526 1528 1534 1581 1448 1892 1602 1370 1882 1231 1238 1271 1824 1952 1833 1399 1805 1085 1176 1384 1564 1831 1183 1074 1608 1757 1551 1082 1178 1276 1814 1370 1603 1958 1122 1404 1617 1853 1435 1867 1232 1890 1650 1157 1006 1840 1108 1439 1666 1491 1738 1475 1129 1155 BCNSPRNW ULIB Ver.6.0+V

เปลี่ยนเป็นภาษาไทย

Change to English
 แสดงรายละเอียดบรรณานุกรม
  กลับหน้าหลัก

Brief Record : Get Marc (ISO 2709) : E-mail record : QR code < ปิดหน้าต่าง
LEADER : 00000nam 2200000uu 4500
001    13399112748
003     ULIB
008    110908s2544||||th 000 0 tha d
020    9743470298
050  4 LB1027^bบ773ก 2544
100 0  เบญจมาศ อยู่เป็นแก้ว
245 10 การสอนแบบบูรณาการ =^bIntegrated instruction /^cเบญจมาศ อยู่เป็นแก้ว ผู้เรียบเรียง
246 31 Integrated instruction
250    พิมพ์ครั้งที่ 1
260    กรุงเทพฯ :^bศูนย์พัฒนาการเรียนรู้,^c2544
300    64 หน้า ;^c21 ซม
650  4 การสอน
945    ^p50^l0^i014807
945    ^p50^l0^i014808
945    ^p50^l0^i014809
995    ทศพร
999 ^a ทศพร
รายการนี้ยังไม่มีแท็ก
คุณยังไม่ได้ล็อกอิน คุณสามารถมีกิจกรรมร่วมกับเว็บไซต์ได้ แต่ต้องล็อกอินก่อน ::
  ล็อกอิน

รายการสื่อสารสนเทศ

ลำดับที่ ประเภท เลขเรียก/บาร์โค้ด สถานที่ สถานะ
- ไม่พบข้อมูล -

รายการใกล้เคียง
    ผู้แต่ง [เบญจมาศ อยู่เป็นแก้ว]

    หัวเรื่อง [การสอน]

BibComment


ยังไม่เคยถูกคอมเมนท์

คอมเมนท์ทรัพยากรรายการนี้
  คอมเมนท์: การสอนแบบบูรณาการ..


 Copyright 2026. Bcnsprnw @Library